00827nam a22002297a 450000500170000001000150001702000260003203500140005803700090007208200110008110000300009224501110012225000100023326000390024327001010028230000210038370000100040470000100041494200250042499900190044995201290046820250108112121.0 aENG-143244 c595.00a9789383848485 aEN-126776 bDBAD a370.15 aAbhay Prasad Singh976068 aDevelopment Process and Social Movements in Contemporary India:bpinnacle Learning/cBy Abhay Prasad Singh aThird aNew DelhibPinnacle Learningc2023 bNew Delhia24, D.D.A Shopping Complex Ber Sarai,e110016k65664085mpinnaclelearning@hotmail.com a324p.c23cm(pbk) 975508 975509 2ddccENh370.15mABH c208182d208182 001040708NFICaMPbMPd2025-01-08eDBADg595.00l0o370.15 ABHpEN-126776r2025-01-08 00:00:00t1v595.00w2025-01-08yEN